| 000 | 00688nam a2200193 a 4500 | ||
|---|---|---|---|
| 001 | 000674224 | ||
| 003 | AM-YeHGA | ||
| 005 | 20250617161105.0 | ||
| 008 | 090513s ||||||||||||||||||||rus|c | ||
| 040 | _aAM-YeHGA | ||
| 041 | 0 | _arus | |
| 245 | 0 | 0 |
_aПродолжение свода законов Российской Империи : _bПо 31 декабря 1888 года. |
| 260 |
_aСанктПетербург : _bГос. тип., _cБ. г. |
||
| 300 | _a[757] с. | ||
| 500 | _aИзд. кодификац. отд. при Гос. совете | ||
| 650 | 1 | 4 |
_aЗаконы _zРоссийская Империя |
| 650 | 1 | 4 | _aЮридические науки |
| 090 | _c468504 | ||
| 999 |
_c465306 _d465306 |
||